000 01104cam a2200277 4500
008 090401t1993 xxu||||| |||| 00| 0 eng d
020 _a011752879X
035 _a(Sirsi) u70924
041 _aeng
050 _a711.52
110 _aUnited Kingdom
_bDepartment of the Environment
_9982
245 _aEvaluation of Urban Development Grant, Urban Regeneration Grant and City Grant.
260 _aLondon
_bHMSO
_c1993
300 _aiii,76p. ; 30cm.
350 _a14.5
490 _aInner City Research Programme
520 _aFinal report in a study commissioned by the DoE from Price Waterhouse to assess the impact of City Grant and its predecessors. Evaluates the success of grant aided projects in contributing to the wider regeneration of the area, including the impact on the property market, and makes recommendations for future policy.
650 _aCITY GRANT
650 _aINNER CITY REDEVELOPMENT
650 _aURBAN DEVELOPMENT GRANT
650 _aURBAN REGENERATION GRANT
690 _aURBAN RENEWAL
710 _aPrice Waterhouse
_91768
942 _n0
948 _c04/03/1997
999 _c95361
_d95361